000 02373cam a2200313 4500500
005 20260208005443.0
041 _afre
042 _adc
100 1 0 _aLe Doze, Philippe
_eauthor
245 0 0 _aHorace et la question idéologique à Rome : considérations sur un itinéraire politique
260 _c2013.
500 _a95
520 _aRésuméHorace combattit dans les rangs des républicains avant de devenir, en apparence au moins, l’un des plus fervents partisans d’Auguste et du régime impérial. Cette volte-face idéologique ne manque pas de surprendre. Sans doute parce que nous accordons aux idéologies une place qui n’était pas la leur dans le monde romain. En réalité, jamais Horace n’eut le sentiment de se renier. Il a seulement changé de protecteurs après la défaite de ses amis républicains, fait un pari sur l’avenir en s’attachant à un nouveau réseau, celui des vainqueurs. Et loin d’avoir été manipulé par le nouveau régime, loin d’être devenu son porte-parole, il a, par ses vers, tenté de l’influencer, adoptant par là même la posture de l’intellectuel.
520 _aHoratius fought in the ranks of the Republicans before becoming, at least in appearance, one of the most fervent supporters of Augustus and of the Imperial regime. This ideological volte-face is very surprising, perhaps because we tend to assign ideologies a significance they did not actually have in the Roman world. In reality, Horatius did not believe he had recanted. He simply changed patrons after the defeat of his Republican friends; he wagered a bet on the future by incorporating himself into a new network, that of the victors. Far from having been manipulated by the new regime, and far from having become its spokesman, he tried to influence it through his verses, and in this way assumed the stature of an intellectual.
690 _aEmpire romain
690 _aHorace
690 _aidéologie
690 _aintellectuel
690 _aRes publica
690 _atyrannie
690 _aHoratius
690 _aideology
690 _aintellectual
690 _aRes publica
690 _aRoman Empire
690 _atyranny
786 0 _nRevue historique | 664 | 4 | 2013-01-02 | p. 863-886 | 0035-3264
856 4 1 _uhttps://shs.cairn.info/revue-historique-2012-4-page-863?lang=fr&redirect-ssocas=7080
999 _c1652241
_d1652241